A strategic approach to sustainable urban regeneration (Record no. 59810)
[ view plain ]
| 000 -LEADER | |
|---|---|
| fixed length control field | 00785cab a2200229 4500 |
| 001 - CONTROL NUMBER | |
| control field | ABS57056 |
| 008 - FIXED-LENGTH DATA ELEMENTS--GENERAL INFORMATION | |
| fixed length control field | 090401t1997 xxu||||| |||| 00| 0 eng d |
| 035 ## - SYSTEM CONTROL NUMBER | |
| System control number | (Sirsi) u98416 |
| 041 ## - LANGUAGE CODE | |
| Language code of text/sound track or separate title | eng |
| 100 ## - MAIN ENTRY--PERSONAL NAME | |
| Personal name | Healey, P. |
| 245 #2 - TITLE STATEMENT | |
| Title | A strategic approach to sustainable urban regeneration |
| 260 ## - PUBLICATION, DISTRIBUTION, ETC. | |
| Date of publication, distribution, etc. | 1997 |
| 350 ## - PRICE (NR) (BK AM CF MU VM SE) [OBSOLETE] | |
| Price | 0 |
| 490 ## - SERIES STATEMENT | |
| Series statement | Journal of Property Development |
| Volume/sequential designation | 1(3) April 1997, 105-110(6) |
| 520 ## - SUMMARY, ETC. | |
| Summary, etc. | Emphasises a strategic approach to sustainable regeneration through creating conditions for economic, social and environmental regeneration, rather than through transformation projects in isolation. |
| 650 ## - SUBJECT ADDED ENTRY--TOPICAL TERM | |
| Topical term or geographic name entry element | STRATEGY |
| 650 ## - SUBJECT ADDED ENTRY--TOPICAL TERM | |
| Topical term or geographic name entry element | SUSTAINABLE DEVELOPMENT |
| 650 ## - SUBJECT ADDED ENTRY--TOPICAL TERM | |
| Topical term or geographic name entry element | URBAN REGENERATION |
| 690 ## - LOCAL SUBJECT ADDED ENTRY--TOPICAL TERM (OCLC, RLIN) | |
| Topical term or geographic name as entry element | URBAN RENEWAL |
| 942 ## - ADDED ENTRY ELEMENTS (KOHA) | |
| Suppress in OPAC | 0 |
| 948 ## - LOCAL PROCESSING INFORMATION (OCLC); SERIES PART DESIGNATOR (RLIN) | |
| c (OCLC) | 30/05/1997 |
| Withdrawn status | Lost status | Source of classification or shelving scheme | Damaged status | Not for loan | Home library | Current library | Shelving location | Date acquired | Total Checkouts | Full call number | Barcode | Date last seen | Copy number | Price effective from | Koha item type |
|---|---|---|---|---|---|---|---|---|---|---|---|---|---|---|---|
| Other/Generic Classification Scheme | London | London | Journal article | 10/03/2003 | ABS57056 | 98416-1001 | 06/08/2019 | 1 | 06/08/2019 | Journal article |